Seva, saviour and state : (Record no. 169710)
[ view plain ]
| 000 -LEADER | |
|---|---|
| fixed length control field | 00764cam a2200229 i 4500 |
| 005 - DATE AND TIME OF LATEST TRANSACTION | |
| control field | 20200701151625.0 |
| 010 ## - LCCN (DPL NO) | |
| LC control number | B-731105 |
| 020 ## - INTERNATIONAL STANDARD BOOK NUMBER | |
| International Standard Book Number | 9781138796096 |
| Terms of availability | 695.00 |
| 035 ## - SYSTEM CONTROL NUMBER | |
| System control number | B-731105 |
| 037 ## - SOURCE OF ACQUISITION | |
| Source of stock number/acquisition | DBAD |
| Stock number | dpl |
| 042 ## - AUTHENTICATION CODE | |
| Authentication code | lcode |
| 043 ## - GEOGRAPHIC AREA CODE | |
| Geographic area code | a-ii--- |
| 100 1# - MAIN ENTRY--PERSONAL NAME | |
| Personal name | Srivatsan, R., |
| 245 10 - TITLE STATEMENT | |
| Title | Seva, saviour and state : |
| Remainder of title | caste politics, tribal welfare and capitalist development / |
| Statement of responsibility, etc | R. Srivatsan. |
| 246 3# - VARYING FORM OF TITLE | |
| Title proper/short title | Seva, saviour & state |
| 300 ## - PHYSICAL DESCRIPTION | |
| Extent | xiv, 198 p. |
| Dimensions | 22 cm (Hb) |
| 504 ## - BIBLIOGRAPHY, ETC. NOTE | |
| Bibliography, etc | Includes bibliographical references (pages 177-189) and index. |
| 650 #0 - SUBJECT ADDED ENTRY--TOPICAL TERM | |
| Topical term or geographic name as entry element | Public welfare |
| Geographic subdivision | India |
| General subdivision | History. |
| 650 #0 - SUBJECT ADDED ENTRY--TOPICAL TERM | |
| Topical term or geographic name as entry element | Caste |
| Geographic subdivision | India. |
| 942 ## - ADDED ENTRY ELEMENTS (KOHA) | |
| Source of classification or shelving scheme | Dewey Decimal Classification |
| Item type | English Books |
| Classification part | 361.370954 |
| Call number suffix | SRI |
| Withdrawn status | Lost status | Not for loan | Collection code | Home library | Current library | Date acquired | Source of acquisition | Cost, normal purchase price | Full call number | Barcode | Copy number | Cost, replacement price | Koha item type |
|---|---|---|---|---|---|---|---|---|---|---|---|---|---|
| Non-fiction | Central Library | Central Library | 29/11/2019 | Gift/ Eng./13.11.2019 | 695.00 | 361.370954 SRI | B-731105 | 1 | 695.00 | English Books |
